Učiaca sa organizácia v podnikoch na Slovensku

Pojem učiaca sa organizácia. Znalostný manažment. Znalosti v ekonomickej terminológii. Cyklus učenia. Charakteristické črty učiacej sa organizácie.

Na minha lista:
Detalhes bibliográficos
Autor principal: Minárová, Martina
Formato: Capítulo de Livro
Idioma:eslovaco
Assuntos:
Tags: Adicionar Tag
Sem tags, seja o primeiro a adicionar uma tag!

MARC

LEADER 00000naa$a2200000$$$4500
001 0111439
005 20231128130612.2
041 0 |a slo 
044 |a CZ 
245 1 0 |a Učiaca sa organizácia v podnikoch na Slovensku  |c Martina Minárová 
520 |a Pojem učiaca sa organizácia. Znalostný manažment. Znalosti v ekonomickej terminológii. Cyklus učenia. Charakteristické črty učiacej sa organizácie. 
610 2 0 |a manažment znalostný 
610 2 0 |a organizácie vedomostné 
610 2 0 |a vzdelávanie 
610 2 0 |a podnik 
610 2 0 |a terminológia 
610 2 0 |a Slovensko 
100 1 |a Minárová, Martina